| 000 | 00530pab a2200181 454500 | ||
|---|---|---|---|
| 008 | 180718b2004 xxu||||| |||| 00| 0 eng d | ||
| 100 | _aReddy, N. Damodar | ||
| 245 | _aIrrigation facilities and cropping pattern in Andhra Pradesh - a special survey | ||
| 260 | _c2004 | ||
| 300 | _ap.1-7. | ||
| 362 | _aJan-Jun | ||
| 650 | _aCrops - India - Andhra Pradesh | ||
| 650 | _aAgriculture - India - Andhra Pradesh | ||
| 650 | _aIrrigation - India - Andhra Pradesh | ||
| 650 | _aIrrigation | ||
| 773 | _aAnvesak | ||
| 909 | _a62004 | ||
| 999 |
_c62004 _d62004 |
||